Bilecik Bilecik Bilecik Bilecik Bilecik

Divan : (Record no. 6677)

MARC details
000 -BAŞLIK
Sabit Uzunluktaki Kontrol Alanı 01144nam a22003617a 4500
001 - KONTROL NUMARASI
Control Dosyası 0006696
003 - KONTROL NUMARASI KİMLİĞİ
Kontrol Alanı KOHA_MİRAKIL
005 - EN SON İŞLEM TARİHİ ve ZAMANI
Kontrol Alanı 20260207001530.0
007 - FİZİKSEL TANIM SABİT ALAN - GENEL BİLGİ
Sabit uzunluklu kontrol alanı ta
008 - SABİT UZUNLUKTAKİ VERİ ÖGELERİ - GENEL BİLGİ
Sabit Alan 090817b1989 tu |||gr||||#0|||1|tur |
020 ## - ISBN - ULUSLARARASI STANDART KİTAP NUMARASI
Kullanılabilirlik koşulları 0,01
040 ## - KATALOGLAMA KAYNAĞI
Özgün Kataloglama Kurumu TR-BiSEU
Kataloglama Dili tur
Çeviri Kurumu TR-BiSEU
Açıklama Kuralları rda
041 0# - DİL KODU
Metin ya da ses kaydının dil kodu tur
044 ## - YAYINLAYAN/ÜRETEN KURULUŞUN ÜLKE KODU
ISO country code tu
050 ## - SINIFLAMA ve YER NUMARASI
Sınıflama Numarası PL248.D580
Yer Numarası U85 1989
100 0# - KİŞİ ADI
Yazar Adı (Kişi adı) Üsküplü İshak Çelebi.
245 1# - ESER ADI BİLDİRİMİ
Başlık Divan :
Alt Eseradı vb. tenkidli basım/
Sorumluluk Bildirimi Üsküplü İshak Çelebi ; Üskülüplü İshak Çelebi; editör Mehmet Çavuşoğlu, M. Ali Tanyeri.
264 #1 - ÜRERİM, YAYIN, DAĞITIM ve TELİF BİLDİRİMİ
Yayın yeri İstanbul :
Yayınlayan Mimar Sinan Üniversitesi
Yayın tarihi 1989
300 ## - FİZİKSEL TANIMLAMA
Sayfa, Cilt vb. XIII, 378 sayfa ;
Boyutları 23 cm.
336 ## - İÇERİK TÜRÜ
Content type term metin
Content type code txt
Source rdacontent
337 ## - MEDYA TÜRÜ
Media type term aracısız
Media type code n
Source rdamedia
338 ## - TAŞIYICI TÜRÜ
Carrier type term cilt
Carrier type code nc
Source rdacarrier
490 1# - DİZİ BİLDİRİMİ
Dizi Bildirimi Mimar Sinan Üniversitesi yayınları ;
Cilt Numarası no.
490 1# - DİZİ BİLDİRİMİ
Dizi Bildirimi 15.
490 1# - DİZİ BİLDİRİMİ
Dizi Bildirimi Fen-Edebiyat Fakültesi yayınları ;
Cilt Numarası no.
490 1# - DİZİ BİLDİRİMİ
Dizi Bildirimi 2.
830 1# - SERİ EK GİRİŞİ - TEKBİÇİM ESER ADI
Tekbiçim Başlık Mimar Sinan Üniversitesi yayınları ;
Volume number/sequential designation no.
9 (RLIN) 16532
830 1# - SERİ EK GİRİŞİ - TEKBİÇİM ESER ADI
Tekbiçim Başlık 15.
9 (RLIN) 7097
830 1# - SERİ EK GİRİŞİ - TEKBİÇİM ESER ADI
Tekbiçim Başlık Fen-Edebiyat Fakültesi yayınları ;
Volume number/sequential designation no.
9 (RLIN) 16533
830 1# - SERİ EK GİRİŞİ - TEKBİÇİM ESER ADI
Tekbiçim Başlık 2.
9 (RLIN) 5554
907 ## - LOCAL DATA ELEMENT G, LDG (RLIN)
a Divan
942 ## - EK GİRİŞ ÖGELERİ (KOHA)
Source of classification or shelving scheme Library of Congress Classification
Koha item type Book
Holdings
Materyal Türü Kalıcı Konum Mevcut Konum Raf Yeri Sınıflandırma Kaynağı Edinim Bilgisi Ana Konular Alt Konular Yer Numarası Demirbaş Numarası Fatura Tarihi Geri Çekilme Durumu Kayıp Durumu Hasarlı Durumu Kredi için değil Kayıt Tarih Toplam Ödünçverme Son Görülme Tarihi Son Kontrol Tarihi Genel / Bağış Notu
Book Prof. Dr. Azmi Özcan Kütüphanesi Prof. Dr. Azmi Özcan Kütüphanesi Birûni Salonu Library of Congress Classification Bağış DİL VE EDEBİYAT Doğu Asya, Afrika, Okyanusya Dilleri ve Edebiyatları PL248.D580 U85 1989 0006696 13/08/2010         17/08/2009 2 05/12/2024 05/12/2024 Genel Bağış